| 000 | 01499nam0a2200313 4500 | ||
|---|---|---|---|
| 001 | RU\NLR\BIBL_A\012402596 | ||
| 005 | 20260407175338.0 | ||
| 035 | _a(NLR Aleph) 012402596 | ||
| 090 |
_a11733335 _c11733335 |
||
| 100 | _a20201112d1924 |||y0rusy50 ca | ||
| 101 | 0 | _arus | |
| 102 | _aRU | ||
| 105 | _ay z 000zy | ||
| 181 | 0 |
_ai _baxxe |
|
| 182 | 0 | _an | |
| 200 | 1 |
_aРасписание скорых, пассажирских, почтовых пассажирско-товарных и воинских поездов _eс 1-го ноября 1924 г. _eчасы показаны по московскому времени _fС.С.С.Р. Н.К.П.С. Северо-Кавказские железные дороги имени С.Д. Маркова |
|
| 203 |
_aТекст _bвизуальный _cнепосредственный |
||
| 210 |
_aРостов-на-Дону _c2-я Гостипография ДВД _d1924 |
||
| 215 |
_a[2], [II], 288 с. _d18 |
||
| 601 | 0 | 2 |
_aСеверо-Кавказская железная дорога _91605954 _3RU\NLR\AUTH\661005618 |
| 606 | 1 |
_aЖелезнодорожный транспорт _xРасписания _yСССР _z1924 _92382540 _3RU\NLR\AUTH\6601642285 |
|
| 686 | 3 | _aО280.232 | |
| 710 | 0 | 2 |
_aОрджоникидзевская железная дорога _3RU\NLR\AUTH\8810113202 _9726001 |
| 852 |
_aNLR _j38.77.2.243/3 |
||
| 942 | _cBOOK | ||
| 980 | _aNB | ||